|
|
|
|
| LEADER |
00000nam0a2200000 4500 |
| 001 |
296658 |
| 005 |
20231102000928.0 |
| 035 |
|
|
|a (RuTPU)RU\TPU\book\321766
|
| 090 |
|
|
|a 296658
|
| 100 |
|
|
|a 20150602d1978 k y0rusy50 ca
|
| 101 |
0 |
|
|a rus
|
| 102 |
|
|
|a RU
|
| 105 |
|
|
|a a z 001zy
|
| 200 |
1 |
|
|a Техника измерений при полевых гидрогеологических исследованиях
|f В. М. Шустов
|
| 210 |
|
|
|a Москва
|c Недра
|d 1978
|
| 215 |
|
|
|a 193 с.
|c ил.
|
| 320 |
|
|
|a Библиогр.: с. 192-193 (36 назв.).
|
| 606 |
1 |
|
|a Гидрогеологические приборы
|2 stltpush
|3 (RuTPU)RU\TPU\subj\6623
|9 34458
|
| 610 |
1 |
|
|a гидрогеологические исследования
|
| 610 |
1 |
|
|a эксплуатация
|
| 610 |
1 |
|
|a классификация
|
| 610 |
1 |
|
|a приборы
|
| 675 |
|
|
|a 556.3.08
|v 3
|
| 700 |
|
1 |
|a Шустов
|b В. М.
|g Валерий Михайлович
|
| 801 |
|
1 |
|a RU
|b 63413507
|c 20150602
|
| 801 |
|
2 |
|a RU
|b 63413507
|c 20161024
|g RCR
|
| 942 |
|
|
|c BK
|